Bể tự hoại

Bể tự hoại xuất hiện lần đầu tiên ở Pháp vào năm 1860. Cho đến nay, loại công trình xử lý nước thải tại chỗ này đã được phổ cập trên toàn Thế giới. Ở VN, bể tự hoại cũng trở nên ngày càng phổ biến, để xử lý nước thải sinh hoa...

Ful tanımlama

Kaydedildi:
Detaylı Bibliyografya
Yazar: Nguyễn Việt Anh
Materyal Türü: Kitap
Dil:Vietnamese
Baskı/Yayın Bilgisi: H. Xây dựng 2017
Konular:
Etiketler: Etiketle
Etiket eklenmemiş, İlk siz ekleyin!
Thư viện lưu trữ: Thư viện Trường Đại học Nam Cần Thơ
LEADER 01914nam a22002417a 4500
001 NCT_49506
008 180912b xxu||||| |||| 00| 0 vie d
999 |c 2367  |d 2367 
020 |a 9786048222819  |c 104000 
082 0 4 |2 23rd ed.  |a 628.44566  |b A107 
100 1 |a Nguyễn Việt Anh 
245 1 0 |a Bể tự hoại  |c Nguyễn Việt Anh 
260 |a H.  |b Xây dựng  |c 2017 
300 |a 184tr.  |b minh họa  |c 24cm 
520 3 |a Bể tự hoại xuất hiện lần đầu tiên ở Pháp vào năm 1860. Cho đến nay, loại công trình xử lý nước thải tại chỗ này đã được phổ cập trên toàn Thế giới. Ở VN, bể tự hoại cũng trở nên ngày càng phổ biến, để xử lý nước thải sinh hoạt hay một số loại nước thải khác từ các hộ gia đình, nhà chung cư, các cơ quan, trường học, các cơ sở dịch vụ 
653 |a Quản lý Tài nguyên & Môi trường 
942 |2 ddc  |c BK 
952 |0 0  |1 0  |2 ddc  |4 0  |6 628_445660000000000_A107  |7 0  |9 13672  |a 000001  |b 000001  |d 2018-09-12  |o 628.44566 A107  |p MD.12893  |r 2018-09-12  |v 104000.00  |w 2018-09-12  |y BK 
952 |0 0  |1 0  |2 ddc  |4 0  |6 628_445660000000000_A107  |7 0  |9 13673  |a 000001  |b 000001  |d 2018-09-12  |o 628.44566 A107  |p MD.12894  |r 2018-09-12  |v 104000.00  |w 2018-09-12  |y BK 
952 |0 0  |1 0  |2 ddc  |4 0  |6 628_445660000000000_A107  |7 0  |9 13674  |a 000001  |b 000001  |d 2018-09-12  |o 628.44566 A107  |p MD.12895  |r 2018-09-12  |v 104000.00  |w 2018-09-12  |y BK 
952 |0 0  |1 0  |2 ddc  |4 0  |6 628_445660000000000_A107  |7 0  |9 13675  |a 000001  |b 000001  |d 2018-09-12  |o 628.44566 A107  |p MD.12896  |r 2018-09-12  |v 104000.00  |w 2018-09-12  |y BK 
952 |0 0  |1 0  |2 ddc  |4 0  |6 628_445660000000000_A107  |7 0  |9 13676  |a 000001  |b 000001  |d 2018-09-12  |o 628.44566 A107  |p MD.12897  |r 2018-09-12  |v 104000.00  |w 2018-09-12  |y BK 
980 |a Thư viện Trường Đại học Nam Cần Thơ